| 000 | 03094nam0a2200469 4500 | ||
|---|---|---|---|
| 001 | RU\NLR\BIBL_A\022341957 | ||
| 005 | 20260408212919.0 | ||
| 010 | _a978-5-9228-2867-3 | ||
| 035 | _a(NLR Aleph) 022341957 | ||
| 090 |
_a13325857 _c13325857 |
||
| 100 | _a20241004d2024 |||y0rusy50 ca | ||
| 101 | 0 |
_arus _aeng |
|
| 102 | _aRU | ||
| 105 | _aa z 000yy | ||
| 181 | 0 |
_ai3 _baxxe |
|
| 182 | 0 | _an | |
| 200 | 1 |
_aБРИКС в мировых финансах и экономике _dBRICS in global finance and economics _eмонография _fГ. Д. Толорая, Mohamad Zreik, Badar Alam Iqbal [и др.] _gпод общей редакцией И. З. Ярыгиной, В. И. Герасимова _hФедеральное государственное автономное образовательное учреждение высшего образования "Московский государственный институт международных отношений (университет)" Министерства иностранных дел Российской Федерации [и др.] _zeng |
|
| 203 |
_aТекст _bвизуальный _cнепосредственный |
||
| 210 |
_aМосква _cМГИМО-Университет _d2024 |
||
| 215 |
_a541, [1] с. _cил. _d20 |
||
| 225 | 1 |
_aНациональные проекты России _iНаука и университеты |
|
| 225 | 1 |
_aПриоритет 2030 _eлидерами становятся |
|
| 300 | _aАвт. указаны на обороте тит. с. | ||
| 300 | _aВ конце кн. авт.: Г. Д. Толорая - д-р экон. наук, проф., Badar Alam Iqbal - проф. каф. экономики Технол. ун-та Тшване, Юж. Африка, Mohamad Zreik - д-р философии по междунар. отношениям в Центр.-Кит. пед. ун-те [и др.] | ||
| 300 | _aЧасть текста англ. | ||
| 320 | _aБиблиогр. в подстроч. примеч. | ||
| 510 | 1 |
_aBRICS in global finance and economics _zeng |
|
| 601 | 0 | 2 |
_aБРИКС, группа _3RU\NLR\AUTH\6601685030 _92471913 |
| 607 |
_aСтраны БРИКС _xЭкономические взаимоотношения _92220704 _3RU\NLR\AUTH\6601566657 |
||
| 686 | 1 | _aУ589 | |
| 686 | 1 | _aУ580-65 | |
| 701 | 1 |
_7ca _8rus _aТолорая _bГ. Д. _f1956- _gГеоргий Давидович _9204930 _3RU\NLR\AUTH\770204982 |
|
| 701 | 1 |
_aZreik _bM. _gMohamad |
|
| 701 | 0 | _aBadar Alam Iqbal | |
| 702 | 1 |
_4340 _aЯрыгина _bИ. З. _gИрина Зотовна _9135956 _3RU\NLR\AUTH\770135991 |
|
| 711 | 0 | 2 |
_aБРИКС, группа _9384529 _3RU\NLR\AUTH\880358512 |
| 712 | 0 | 2 |
_4570 _aМеждународный институт энергетической политики и дипломатии _bКафедра "Экономика и банковский бизнес" _cМосква _9756345 _3RU\NLR\AUTH\880545706 |
| 942 | _cBOOK | ||
| 980 | _aNB | ||